<The> Harry Figgie Guide To Cost Reduction and Profit Improvement

Na minha lista:
Detalhes bibliográficos
Autor principal: Figgie, Harry E.
Formato: Livro
Idioma:inglês
Publicado em: Chicago Probus Publ. Co. 1988
Edição:1. ed.
Assuntos:
Tags: Adicionar Tag
Sem tags, seja o primeiro a adicionar uma tag!

MARC

LEADER 00000nam a2200000 4500
001 c019698
005 20221219115934.9
020 |a 0-917253-83-3 
041 0 |a eng 
044 |a US 
245 1 0 |a <The> Harry Figgie Guide To Cost Reduction and Profit Improvement  |c Harry E. Figgie 
250 |a 1. ed. 
264 1 |a Chicago  |b Probus Publ. Co.  |c 1988 
300 |a 240 s. 
610 2 0 |a nákladovosť produkcie 
610 2 0 |a náklady 
610 2 0 |a zisk 
610 2 0 |a zisk podnikový 
610 2 0 |a znižovanie nákladov 
100 1 |a Figgie, Harry E.